000 00344nam a2200133Ia 4500
008 150201s2007 xx 000 0 und d
082 _a611
_bC07F
100 _aFITZGERALD,MJ TURLOUGH
245 _aCLINICAL NEUROANATOMY AND NEUROSCIENCE
250 _a5TH
260 _bSUNDERS ELSEVIER
_aDELHI
_c2007
650 _aHUMAN ANATOMY
942 _2ddc
_cBK
999 _c781
_d781